Marks & Spencer Plc v BNP Paribas (Record no. 84521)

MARC details
000 -LEADER
fixed length control field 01234cad a22002415a 4500
001 - CONTROL NUMBER
control field L158150
008 - FIXED-LENGTH DATA ELEMENTS--GENERAL INFORMATION
fixed length control field 140922e2014 xxk 000 0 eng d
035 ## - SYSTEM CONTROL NUMBER
System control number (Sirsi) u158150
041 0# - LANGUAGE CODE
Language code of text/sound track or separate title eng
245 00 - TITLE STATEMENT
Title Marks & Spencer Plc v BNP Paribas
260 ## - PUBLICATION, DISTRIBUTION, ETC.
Date of publication, distribution, etc. 2015
520 ## - SUMMARY, ETC.
Summary, etc. 2015] UKSC 72, 2 December 2015.. Appeal concerned with break clauses in a lease and and implied term allowing for repayment of rent and services including car parking fees and insurance payed in advance once the break clauses had been put in place upon payment of the break premium. UKSC held that test for applied term in lease had not been met as there is no express term in lease allowing lessee M to claim for repayment of advanced rent and services paid prior to the break clause. Appeal by tenant M dismissed. CA decision upheld.
590 ## - LOCAL NOTE (RLIN)
Local note KA
650 24 - SUBJECT ADDED ENTRY--TOPICAL TERM
Topical term or geographic name entry element MARKS AND SPENCER PLC V BNP PARIBAS
650 24 - SUBJECT ADDED ENTRY--TOPICAL TERM
Topical term or geographic name entry element BREAK CLAUSES
650 24 - SUBJECT ADDED ENTRY--TOPICAL TERM
Topical term or geographic name entry element IMPLIED TERMS
650 24 - SUBJECT ADDED ENTRY--TOPICAL TERM
Topical term or geographic name entry element APPORTIONMENT TEST
651 #4 - SUBJECT ADDED ENTRY--GEOGRAPHIC NAME
Geographic name England and Wales
Chronological subdivision 1543-
690 ## - LOCAL SUBJECT ADDED ENTRY--TOPICAL TERM (OCLC, RLIN)
Topical term or geographic name as entry element Landlord and tenant
9 (RLIN) 6252
690 ## - LOCAL SUBJECT ADDED ENTRY--TOPICAL TERM (OCLC, RLIN)
Topical term or geographic name as entry element Commercial property
9 (RLIN) 6227
856 40 - ELECTRONIC LOCATION AND ACCESS
Uniform Resource Identifier <a href="https://www.bailii.org/uk/cases/UKSC/2015/72.html">https://www.bailii.org/uk/cases/UKSC/2015/72.html</a>
Public note View the law report free of charge at www.bailii.org
942 ## - ADDED ENTRY ELEMENTS (KOHA)
Suppress in OPAC 0
Holdings
Withdrawn status Lost status Source of classification or shelving scheme Damaged status Not for loan Home library Current library Shelving location Date acquired Total Checkouts Full call number Barcode Date last seen Copy number Price effective from Koha item type
    Dewey Decimal Classification     Virtual Virtual Online 22/09/2014   ONLINE PUBLICATION 158150-2001 06/08/2019 1 06/08/2019 Law report